[Event "ENG-ch U08"]
[Site "Milton Keynes"]
[Date "2021.10.02"]
[Round "2"]
[White "Ong, Timothy"]
[Black "Litvin, Theo"]
[Result "0-1"]
[WhiteElo "1038"]
[BlackElo "760"]
[PlyCount "134"]
[EventDate "2021.10.02"]
[EventType "swiss"]
[EventRounds "7"]
[EventCountry "ENG"]
[SourceTitle "EXT 2023"]
[Source "ChessBase"]
[SourceDate "2022.10.05"]
[SourceVersion "1"]
[SourceVersionDate "2022.10.05"]
[SourceQuality "1"]

1. e4 e5 2. Nf3 Nf6 3. Nxe5 Nc6 4. Nf3 Nxe4 5. Qe2 Qe7 6. d3 Nf6 7. Qxe7+ Bxe7 8. Be2 0-0 9. 0-0 Re8 10. Nc3 Bb4 11. Be3 d5 12. a3 d4 13. axb4 dxc3 14. bxc3 Nd5 15. Rfe1 Nxe3 16. fxe3 Rxe3 17. Bf1 Rxe1 18. Rxe1 Bg4 19. Be2 Re8 20. h3 Bh5 21. g4 Bg6 22. Kf2 h6 23. d4 Bxc2 24. Rc1 Bg6 25. Bc4 a6 26. Re1 Rxe1 27. Nxe1 b5 28. Bd5 Ne7 29. Bf3 f5 30. Ke3 fxg4 31. Bxg4 Nd5+ 32. Kd2 Kf7 33. Nd3 h5 34. Bf3 Nf6 35. Ne5+ Ke6 36. Nxg6 Kf5 37. Ne7+ Kf4 38. Bg2 Kg3 39. Bf1 Kf2 40. Be2 g5 41. Nf5 g4 42. hxg4 hxg4 43. Ne3 Ne4+ 44. Kd3 g3 45. Kxe4 Kxe2 46. Kf4 Kd3 47. Ng2 Kxc3 48. Ke5 Kxb4 49. Ke4 a5 50. Kf3 a4 51. Ne1 a3 52. Nc2+ Kb3 53. Ne3 a2 54. Kxg3 a1Q 55. Nd5 Qxd4 56. Nxc7 Qe5+ 57. Kf3 Qxc7 58. Ke4 Qd6 59. Kf5 Kc3 60. Ke4 b4 61. Kf5 b3 62. Ke4 b2 63. Kf5 b1Q+ 64. Kg4 Qbg6+ 65. Kf3 Qe5 66. Kf2 Qgg3+ 67. Kf1 Qee1# 0-1